| 000 | 00757aas a2200229 4500 | ||
|---|---|---|---|
| 999 |
_c2355 _d2355 |
||
| 003 | BR-BrBNA | ||
| 005 | 20230317233448.0 | ||
| 007 | ta | ||
| 008 | 230119b bl ||||| |||| 00| 0 por d | ||
| 022 | _a0103-278-X | ||
| 035 | _a000485-5 | ||
| 040 |
_aBR-BrBNA _bPor _cBR-BrBNA |
||
| 042 | _aN | ||
| 044 | _abl | ||
| 245 | _aCães e Gatos (Brazil) | ||
| 260 |
_aPorto Feliz-SP _bGessulli Agribusiness _c1999 _eBSP |
||
| 270 | _aCaixa Postal 198 - 18540-000 | ||
| 310 | _airregular | ||
| 505 | _a1997 12(68); 1998 12(73); 1999 14(81-86); 2000 14-15(87-93,94,95); 2001 15(96-98); 2004 ( jun.); 2005 17(101,103-104 ); 2006 18(105-109); 2007 19(110-115); 2008 20(116-118); 2009 (122); 2015 (192,196); 2016 (197,201); | ||
| 909 |
_a56 _bSergio Santos _c56 _dSergio Santos |
||
| 942 |
_cCR _2AGRIS |
||